000 00675nam a2200133Ia 4500
008 171212s9999 xx 000 0 und d
020 _a9780833038425
100 _aLambeth, Benjamin S.
245 _cLambeth, Benjamin S.
_aAmerican Carrier Air Power at the Dawn of a New Century
260 _bRAND Corporation
_c2005
650 _aAircraft carriers -- United States; United States. Navy -- Aviation; United States. Marine Corps -- Aviation; Afghan War, 2001 -- Aerial operations, American; Afghan War, 2001 -- Naval operations, American; War on Terrorism, 2001–; Iraq War, 2003– -- Aeri
650 _aPolitical Science
856 _uwww.jstor.org/stable/10.7249/mg404navy
999 _c351706
_d351706